La Correspondencia de Barcelona : diario de esta capital de noticias y avisos : eco de la opinión y de la Correspondencia de España diario de esta capital de noticias y avisos :
MARC
| LEADER | 00000nam a2200000Ia 4500 | ||
|---|---|---|---|
| 001 | |||
| 008 | 160829s1877 xx 000 0 cat d | ||
| 008 | 160829s9999 xx 000 0 cat d | ||
| 080 | |a 1379, exp. 33 | ||
| 245 | |a La Correspondencia de Barcelona : |b diario de esta capital de noticias y avisos : |b eco de la opinión y de la Correspondencia de España | ||
| 260 | |a Barcelona : |b el diari, |c 1877 | ||
| 300 | |a 47 cm | ||
| 362 | |a 1877- año 8, (1884) | ||
| 590 | |a Diària. | ||
| 590 | |a Descripció basada en: Any 1, núm. 72 (14 març de 1877). | ||
| 590 | |a Títols variants: La estafeta de Barcelona (2.11.78); La Correspondencia de Cataluña (3.12.78); La Correspondencia de Barcelona (2.11.78); La Correspondencia de Cataluña (3.12.78); Diario de la noche (13.12.78); La Revista (3.1.79); La Correspondencia de Cataluña (22.1.79); El Progreso (31.8.79); La Correspondencia de Cataluña (19.9.79); El Progreso (11.10.79); La Correspondencia de Cataluña (12.10.79); El Progreso (25.10.79); La Correspondencia de Cataluña (6.12.79); El Progreso (14.2.80); La Correspondencia de Cataluña (10.3.80); El Progreso (9.6.80); La Correspondencia catalana (13.6.80); La Correspondencia barcelonesa (10.11.80); La Marsellesa (16.11.80); La Correspondencia Ibérica (24.11.80); La Correspondencia catalana (7.12.80); La Correspondencia Ibérica (14.12.80); La Correspondencia catalana (21.12.80); La Correspondencia Ibérica (3.2.81); La Correspondencia catalana (4.3.81); La Correspondencia Ibérica (4.6.82). | ||
| 590 | |a Continuat per: La Península | ||
| 651 | 0 | |a Barcelona (Catalunya) |v Diaris |9 71868 | |
| 866 | |a Any 1, 1877 (72) | ||
| 901 | |a Arxiu | ||
| 942 | |n 1 | ||
| 952 | |0 0 |1 0 |4 0 |6 1379_EXP_33 |7 1 |9 54460 |a Arxiu |b Arxiu |d 2016-12-01 |l 0 |o 1379, exp. 33 |r 2016-12-01 00:00:00 |w 2016-12-01 |y ARXIU | ||
| 999 | |c 58329 |d 58329 | ||